00338pab a2200121 454500008004000000100002200040245005100062260000900113300001100122362001400133650002800147773004100175180718b1987 xxu||||| |||| 00| 0 eng d aSchneider, Ursula aSelf aid or state aid for alternative projects c1987 a83-101 aJan.-Mar. aGovernment and Business aAnnals of Public Cooperative Economy